000 00759nam a2200253Ia 4500
003 OSt
005 20221005074719.0
006 a|||||r|||| 00| 0
007 ta
008 221004b |||||||| |||| 00| 0 eng d
020 _a9788173048777 (hbk)
_c995
024 _a108246
037 _b81, 13/12/2010, Sunrise Books
_cTextual
040 _aCRL
_cCRL
_beng
041 _2eng
_aeng
082 _aY:4, Q0
100 _aSingharoy Debal K Ed.
_9420918
245 0 _aSurviving against odds
_b Marginalized in a globalizing world
260 _aNew Delhi
_bManohar India
_c2010
300 _a412p.
_ccm.
650 _aSOCIOLOGY
942 _hY:4, Q0
_cTEXL
_2cc
999 _c983179
_d983179